000 00408nam a22001577a 4500
005 20250915164316.0
008 250915b |||||||| |||| 00| 0 eng d
020 _a979-8-88715-059-8
100 _aO'BRIEN SANDRA
245 _aFISHERIES AND FISH TOXICOLOGY
260 _aDUBLIN
_bORYSON PRESS
_c2023
300 _a322P.
500 _aINCLUDES AN INDEX
650 _aFISH- TOXICOLOGY,
942 _2lcc
_cBK
999 _c216096
_d216096